00351nam a2200109Ia 4500008004100000082000800041100002800049245004400077942000600121952009900127999001500226240331s9999 xx 000 0 und d bWOM aWomen's Federation . ed 0aWomen in the German Democratic Republic cL 001040708LaWERCLbWERCLcSSCd2024-03-31l0o 305.4094 WOMp314r2024-03-31w2024-03-31yL c1858d1858